000 00659nam a22002177a 4500
003 OSt
005 20250701065725.0
008 250701b |||||||| |||| 00| 0 eng d
020 _a9789814272414
040 _aDWCL - Main lib
_cOC
082 _aCirc. 657.42 K52c 2011
100 _aKinney, Michael R.
245 _aCost accounting/
_cMichael R. Kinney
250 _aPhilippine edition
260 _aUAE:
_bCengage Learning Asia Pte Ltd,
_cc2011.
300 _a968 pages :
_b illustrations ;
_c26cm.
504 _aIncludes index.
650 _a1. Cost acoounting.
700 _aCecily A. Raiborn
942 _2ddc
_cBK-CIRC
_ePhilippine edition
_kCirc.
_n0
999 _c3339
_d3339